000 00627cam a2200181 4500500
005 20260329003759.0
041 _afre
042 _adc
100 1 0 _ade Oliveira, Victorine
_eauthor
245 0 0 _a“On présente souvent la solitude comme quelque chose de triste. Or, j’aime être seul, est-ce normal ?”
260 _c2017.
500 _a7
690 _aCharles Pépin
690 _aSnobisme
690 _aSolitude
786 0 _nPhilosophie magazine | 106 | 2 | 2017-02-01 | p. 12-13 | 1951-1787
856 4 1 _uhttps://shs.cairn.info/magazine-philosophie-magazine-2017-2-page-12?lang=fr&redirect-ssocas=7080
999 _c1827622
_d1827622